| 000 | 00608nam a22002057a 4500 | ||
|---|---|---|---|
| 999 |
_c11703 _d11703 |
||
| 003 | AR-CdUCM | ||
| 008 | 190404b ||||| |||| 00| 0 spa d | ||
| 040 |
_aMUNICIPALIDAD PROVINCIAL DEL CUSCO _cBIBLIOTECA MUNICIPAL DEL CUSCO |
||
| 082 |
_a838.9 / _bW78 / 1938 / |
||
| 100 |
_aWinsloe, Cristina _929196 |
||
| 245 | _aInternado de seƱoritas / | ||
| 260 |
_aBuenos Aires : _bEdic. Argentinas Condor, _c1938. |
||
| 300 |
_a159 paginas ; _c18 cm. |
||
| 505 | _aContenido :Teatro / | ||
| 650 |
_aTeatro _9173 |
||
| 650 |
_aAlemania _91327 |
||
| 650 |
_aSiglo XX _98 |
||
| 942 |
_2ddc _cLIBROS |
||
| 945 | _arjall | ||